| Registos Bibliográficos associados ao registo de autoridade |
|
Etiqueta de registo: 00230nam 2200025 450 001 1807790 003 http://id.bnportugal.gov.pt/bib/catbnp/1807790 021 ## $aPT$b329278/11 100 ## $a20120327d2010 m y0pory0103 ba 101 0# $apor 102 ## $aMZ$aPT 105 ## $ay z 000yy 106 ## $ar 200 1# $a A visão filosófica de Karl Marx e sua repercussão na actualidade$fAngelino Firmino Jones 210 #9 $aMaputo$cUniversidade São Tomás de Moçambique$d2010$e[Braga] :$gOficina S. José) 215 ## $a100 p.$d21 cm 300 ## $aTese de Lic. Filosofia (Ética e Política), apres. à Fac. de Ciências Humanas da Univ.
de São Tomás de Moçambique 320 ## $aBibliografia, p. 97-100 675 ## $a1Marx, Karl$vBN$zpor$3391655 675 ## $a141.8$vBN$zpor$3338291 700 #1 $aJones,$bAngelino Firmino$31371501 801 #0 $aPT$bBN$gRPC 900 ## $aBIBNAC$d20120416 966 ## $lBN$mFGMON$sS.A. 143005 V.$x1 966 ## $lBN$mFGMON$sS.A. 143005 V.-D$x1
Etiqueta de registo: 00230nam 2200025 450 001 1708557 003 http://id.bnportugal.gov.pt/bib/catbnp/1708557 010 ## $a972-9060-56-8 021 ## $aPT$b225541/05 100 ## $a20090413d2006 m y0pory0103 ba 101 0# $apor 102 ## $aAO$aPT 105 ## $aa z 000yy 106 ## $ar 200 1# $aAngola$e o grito silencioso de Kaendangongo$eescritos e apelos existenciais para celebrar dez anos de diaconia na Arquidiocese
Lubanguense em Jubileu (1955-2005)$fAngelino Firmino Jones 205 ## $a1ª ed 210 #9 $aHuila$cBJLA$cA.F. Jones,$d2006$eBraga :$gOficina S. José) 215 ## $a58 p.$cil.$d21 cm 225 2# $aUIKI$v25 675 ## $a272-29$vBN$zpor$31239225 700 #1 $aJones,$bAngelino Firmino$31371501 801 #0 $aPT$bBN$gRPC 900 ## $aBIBNAC$d20130602 966 ## $lBN$mFGMON$sR. 25056 V.$x1 966 ## $lBN$mFGMON$sR. 25056 V.-D$x1
Etiqueta de registo: 00254nam 2200025 450 001 2284403 003 http://id.bnportugal.gov.pt/bib/catbnp/2284403 100 ## $a20260414d2025 k y0pory01030103ba 101 0# $apor$deng 102 ## $aPT 105 ## $aa m 000yy 106 ## $ar 200 1# $a A Pastoral Social como instrumento do desenvolvimento sustentável$e o caso da Arquiodecese do Lubango, de Angola$fAngelino Firmino Jones$gorient. Teresa Joaquim, Hermano Carmo 210 #9 $aLisboa$c[s.n.],$d2025 215 ## $aVIII, [3], 286 f.$cil.$d31 cm 328 #1 $aTese dout. Sustentabilidade Social e Desenvolvimento, Universidade Aberta, 2025 700 #1 $aJones,$bAngelino Firmino$31371501 702 #1 $aJoaquim,$bTeresa,$f1954-$4727$343831 702 #1 $aCarmo,$bHermano,$f1950-$4727$3190917 801 #0 $aPT$bBN$gRPC 966 ## $lBN$mFGMON$x1 971 ## $cssilva$d20260414
|
|
|